000 00708nam a2200253Ia 4500
003 OSt
005 20220926013112.0
006 a|||||r|||| 00| 0
007 ta
008 220923b |||||||| |||| 00| 0 eng d
037 _cGeneral Book
040 _aRTL
_cRTL
_beng
041 _2eng
_aeng
082 _aV5.M15<--L83, K4
100 _aRude George
245 0 _aRevolutionary Europe, 1783-1815
260 _aNew York
_bHarper and Row
_c1970
300 _a328p
_ccm.
490 _aHistory of Europe. ed by J H Plumb
500 _aBibliography: P 312-23
650 _aEurope History
_914786
942 _hV5.M15<--L83, K4
_cGB
_2CC
999 _c625170
_d625170